All of Ariana grande's songs - Statistics

General Stats
  • This quiz has been taken 510 times
    46 since last reset
  • The average score is 135 of 215
Answer Stats
Hint Answer % Correct
thank u, next 7 rings
93%
k bye for now (swt live) 7 rings - live
93%
Wicked: The Soundtrack Defying Gravity
93%
thank u, next thank u, next
93%
k bye for now (swt live) thank u, next - live
93%
eternal sunshine deluxe: brighter days ahead yes, and?
89%
Dangerous Woman Dangerous Woman
86%
k bye for now (swt live) dangerous woman - live
86%
Christmas & Chill | My Everything (10th Anniversary Edition) Intro
86%
eternal sunshine deluxe: brighter days ahead intro (end of the world)
86%
eternal sunshine deluxe: brighter days ahead intro (end of the world) - extended
86%
Wicked: The Soundtrack Popular
86%
Positions (Deluxe) positions
86%
Sweetener raindrops (an angel cried)
86%
k bye for now (swt live) raindrops (an angel cried) - live
86%
Sweetener sweetener
86%
k bye for now (swt live) sweetener - live
86%
eternal sunshine deluxe: brighter days ahead we can't be friends (wait for your love)
86%
Positions (Deluxe) 34+35
82%
Positions (Deluxe) 34+35 remix (ft. Doja Cat, Megan Thee Stallion)
82%
Sweetener breathin
82%
k bye for now (swt live) breathin - live
82%
eternal sunshine deluxe: brighter days ahead bye
82%
thank u, next ghostin
82%
thank u, next NASA
82%
k bye for now (swt live) nasa - live
82%
Sweetener Pete davidson
82%
Sweetener the light is coming (ft. Nicki Minaj)
82%
k bye for now (swt live) the light is coming - live (ft. Nicki Minaj)
82%
Yours Truly The Way (ft. Mac Miller)
82%
thank u, next bloodline
79%
My Everything (10th Anniversary Edition) Break Free (ft. Zedd)
79%
Dangerous Woman Everyday (ft. Future)
79%
Sweetener everytime
79%
k bye for now (swt live) everytime - live
79%
Sweetener God is a woman
79%
k bye for now (swt live) god is a woman - live
79%
Dangerous Woman Greedy
79%
eternal sunshine deluxe: brighter days ahead Hampstead
79%
Dangerous Woman Into You
79%
k bye for now (swt live) into you - live
79%
thank u, next make up
79%
k bye for now (swt live) make up - live
79%
My Everything (10th Anniversary Edition) My Everything
79%
Wicked: The Soundtrack No One Mourns the Wicked
79%
Sweetener no tears left to cry
79%
k bye for now (swt live) no tears left to cry - live
79%
Positions (Deluxe) pov
79%
Sweetener R.E.M
79%
k bye for now (swt live) r.e.m - live
79%
eternal sunshine deluxe: brighter days ahead the boy is mine
79%
k bye for now (swt live) break free - live
75%
eternal sunshine deluxe: brighter days ahead dandelion
75%
Yours Truly Honeymoon Avenue
75%
Dangerous Woman Knew Better / Forever Boy
75%
Positions (Deluxe) my hair
75%
Positions (Deluxe) off the table (w. The Weeknd)
75%
My Everything (10th Anniversary Edition) Problem (ft. Iggy Azalea)
75%
Positions (Deluxe) safety net (ft. Ty Dolla $ign)
75%
Singles, features etc Santa Tell Me
75%
Positions (Deluxe) shut up
75%
Dangerous Woman Side To Side (ft. Nicki Minaj)
75%
k bye for now (swt live) side to side - live (ft. Nicki Minaj)
75%
Sweetener successful
75%
k bye for now (swt live) successful - live
75%
Yours Truly Tattooed Heart
75%
k bye for now (swt live) tattooed heart - live
75%
eternal sunshine deluxe: brighter days ahead true story
75%
eternal sunshine deluxe: brighter days ahead twilight zone
75%
Wicked: The Soundtrack What Is This Feeling?
75%
Yours Truly Baby I
71%
thank u, next bad idea
71%
k bye for now (swt live) bad idea - live
71%
Sweetener better off
71%
Sweetener borderline (ft. Missy Elliott)
71%
thank u, next break up with your girlfriend, i’m bored
71%
k bye for now (swt live) break up with your girlfriend, I’m bored - live
71%
eternal sunshine deluxe: brighter days ahead eternal sunshine
71%
thank u, next fake smile
71%
k bye for now (swt live) fake smile - live
71%
Sweetener get well soon
71%
k bye for now (swt live) get well soon - live
71%
My Everything (10th Anniversary Edition) Hands On Me (ft. A$AP Ferg)
71%
thank u, next imagine
71%
eternal sunshine deluxe: brighter days ahead imperfect for you
71%
thank u, next in my head
71%
k bye for now (swt live) in my head interlude - live
71%
eternal sunshine deluxe: brighter days ahead i wish i hated you
71%
Dangerous Woman Let Me Love You (ft. LIl Wayne)
71%
My Everything (10th Anniversary Edition) Love Me Harder (ft. The Weeknd)
71%
k bye for now (swt live) love me harder - live
71%
Dangerous Woman Moonlight
71%
Positions (Deluxe) motive (w. Doja Cat)
71%
Positions (Deluxe) nasty
71%
thank u, next needy
71%
k bye for now (swt live) needy - live
71%
eternal sunshine deluxe: brighter days ahead ordinary things (feat. Nonna)
71%
Yours Truly Popular Song (ft. MIKA)
71%
eternal sunshine deluxe: brighter days ahead Saturn Returns Interlude
71%
eternal sunshine deluxe: brighter days ahead supernatural
71%
Positions (Deluxe) test drive
71%
Dangerous Woman Touch It
71%
Yours Truly Almost Is Never Enough (ft. Nathan Sykes)
68%
My Everything (10th Anniversary Edition) Bang Bang (w. Jessie J, Nicki Minaj)
68%
Sweetener blazed (ft. Pharrell Williams)
68%
eternal sunshine deluxe: brighter days ahead don't wanna break up again
68%
Singles, features etc Focus
68%
Sweetener goodnight n go
68%
k bye for now (swt live) goodnight n go - live
68%
Dangerous Woman Leave Me Lonely (ft. Macy Gray)
68%
Positions (Deluxe) love language
68%
My Everything (10th Anniversary Edition) One Last Time
68%
eternal sunshine deluxe: brighter days ahead past life
68%
Yours Truly Piano
68%
Singles, features etc Save Your Tears (remix) (w. The Weeknd)
68%
Wicked: For Good - The Soundtrack The Girl in the Bubble
68%
eternal sunshine deluxe: brighter days ahead warm
68%
Positions (Deluxe) worst behavior
68%
Dangerous Woman Bad Decisions
64%
My Everything (10th Anniversary Edition) Be My Baby (ft. Cashmere Cat)
64%
My Everything (10th Anniversary Edition) Best mistake (ft. Big Sean)
64%
My Everything (10th Anniversary Edition) Break Your Heart Right Back (ft. Childish Gambino)
64%
k bye for now (swt live) break your heart right back - live (ft. Childish Gambino)
64%
Dangerous Woman Jason's Song (Gave It Away)
64%
My Everything (10th Anniversary Edition) Just A Little Bit Of Your Heart
64%
Positions (Deluxe) just like magic
64%
Positions (Deluxe) main thing
64%
My Everything (10th Anniversary Edition) Only 1
64%
k bye for now (swt live) only 1 - live
64%
Yours Truly Right There (ft. Big Sean)
64%
k bye for now (swt live) right there - live (ft. Big Sean)
64%
Positions (Deluxe) six thirty
64%
Positions (Deluxe) someone like u - interlude
64%
Dangerous Woman Thinking Bout You
64%
Positions (Deluxe) west side
64%
Dangerous Woman Be Alright
61%
k bye for now (swt live) be alright - live
61%
Wicked: The Soundtrack Dancing Through Life
61%
Yours Truly Daydreamin'
61%
Wicked: The Soundtrack Dear Old Shiz
61%
Christmas & Chill December
61%
Dangerous Woman I Don't Care
61%
Christmas Kisses Last Christmas
61%
Positions (Deluxe) obvious
61%
Christmas Kisses Santa Baby (w. Elizabeth Gillies)
61%
Dangerous Woman Sometimes
61%
Dangerous Woman Step On Up
61%
My Everything (10th Anniversary Edition) Why Try
61%
My Everything (10th Anniversary Edition) You Don't Know me
61%
Singles, features etc Bed (w. Nicki Minaj)
57%
Yours Truly Better Left Unsaid
57%
Singles, features etc Boyfriend (w. Social House)
57%
My Everything (10th Anniversary Edition) Cadillac Song
57%
Singles, features etc Die For You - Remix (w. The Weeknd)
57%
Wicked: The Soundtrack One Short Day
57%
Singles, features etc Put Your Hearts Up
57%
Singles, features etc Rain On Me (w. Lady Gaga)
57%
Yours Truly You'll Never Know
57%
k bye for now (swt live) you'll never know - live
57%
Wicked: For Good - The Soundtrack For Good
54%
Yours Truly Lovin' It
54%
Singles, features etc MONOPOLY (w. Victoria Monét)
54%
My Everything (10th Anniversary Edition) Too Close
54%
Christmas & Chill Winter Things
54%
Christmas Kisses Love Is Everything
50%
Singles, features etc My Favorite Part (w. Mac Miller)
50%
k bye for now (swt live) my heart belongs to daddy - live
50%
Singles, features etc Stuck With U (w. Justin Bieber)
50%
Wicked: For Good - The Soundtrack Thank Goodness / I Couldn't Be Happier
50%
Singles, features etc Adore (w. Cashmere Cat)
46%
Singles, features etc Met Him Last Night (w. Demi Lovato)
46%
Singles, features etc Quit (w. Cashmere Cat)
46%
Christmas Kisses Snow In California
46%
Christmas & Chill Wit It This Christmas
46%
Singles, features etc Don't Call Me Angel (w. Miley Cyrus, Lana Del Rey)
43%
Singles, features etc I Don't Do Drugs (w. Doja Cat)
43%
Singles, features etc Santa, Can't You Hear Me (Live) (w. Kelly Clarkson)
43%
Singles, features etc Santa, Can't You Hear Me (w. Kelly Clarkson)
43%
Singles, features etc Sympathy is a knife
43%
Christmas & Chill True Love
43%
Wicked: For Good - The Soundtrack Wonderful
43%
Singles, features etc All My Love (w. Major Lazor)
39%
Singles, features etc Dance To This (w. Troye Sivan)
39%
Singles, features etc Get On Your Knees (w. Nicki Minaj)
39%
Christmas & Chill Not Just On Christmas
39%
Singles, features etc Oh Santa! (w. Mariah Carey, Jennifer Hudson)
39%
Wicked: For Good - The Soundtrack Every Day More Wicked
36%
Wicked: For Good - The Soundtrack I'm Not That Girl (Reprise)
36%
Singles, features etc It Was A... (Masked Christmas) (w. Jimmy Fallon & Megan Thee Stallion)
36%
Singles, features etc Just Look Up (w. Kid Cudi)
36%
Singles, features etc Nobody (w. Chaka Khan)
36%
Singles, features etc Bad To You (w. Normani, Nicki Minaj)
32%
Singles, features etc How I Look On You
32%
Singles, features etc Time (w. Childish Gambino)
32%
Singles, features etc Beauty And The Beast (w. John Legend)
29%
Singles, features etc Good As hell (remix) (w. Lizzo)
29%
Singles, features etc Research (w. Big Sean)
29%
Singles, features etc A Hand For Mrs. Claus (w. Idina Menzel)
25%
Singles, features etc Rule The World (w. 2 Chainz)
25%
Singles, features etc You Don't Own Me (w. Kristin Chenoweth)
25%
Singles, features etc Earth (w. Lil Dicky)
18%
Singles, features etc Faith (w. Stevie Wonder)
18%
Singles, features etc Heatstroke (w. Calvin Harris, Young Thug, Pharrell Williams)
18%
Singles, features etc Over And Over Again (w. Nathan Sykes)
18%
Singles, features etc Arturo Sandoval (w. Arturo Sandoval, Pharrell Williams)
14%
Singles, features etc Give It Up (w. Elizabeth Gillies)
14%
Singles, features etc Got Her Own (w. Victoria Monét)
14%
Singles, features etc Boys Like You (w. Who Is Dance, Meghan Trainor)
11%
Singles, features etc E Più Ti Penso (w. Andrea Bocelli)
11%
Singles, features etc Somewhere Over The Rainbow
11%
Singles, features etc They Don't Know
11%
Singles, features etc Zero To Hero
11%
Singles, features etc The Wizard And I
7%
Singles, features etc Still Hurting (w, Jason Robert Brown)
0%
No matching quizzes found
Score Distribution
Percent of People with Each Score
Percentile by Number Answered
Your Score History
You have not taken this quiz since the last reset